01723nam a2200349 u 4500001001000000003000900010005001700019007000300036008004100039020001500080020001800095040002500113082002400138100004100162245006400203260005300267300002800320490001500348500007400363504003300437590002800470650004200498830002200540910003700562942001400599952013400613952020100747952013600948952013701084952013701221999001501358000003180DO-SdBNP20220222124522.0ta090707s1975 dr a e 001 0 spa d a8439939329 a9788439939320 aDO-SdBNPbspacBNPHU a338.4791bM669t222 aMiolán, Ángel,943877d1912-201010aTurismo : nuestra industria sin chimeneas /cAngel Miolán aMadrid, España :bLetras de Quisquella,c1975. a259 p. :bil. ;c22 cm.1 aPoloniav7 aIncluye referencias bibliográficas y notas al pie de las páginas. aBibliografía : p. 255-259. aInventariado, 2018 / DG 4aTurismozRepública Dominicana98433 0aPoloniav7910048 aValidado. Control de calidad MFF 2ddccLBS1 00102ddc53708PDaBNPHUbBNPHUcHDd2009-07-07eDonadol0oBNPHU PD 338.4791 M669tp3180-10r2020-06-25w2020-06-25yLBS1zS/A 00102ddc53708PDaBNPHUbBNPHUcHDd2009-07-07eDonadol0oBNPHU PD 338.4791 M669tp3180-20r2020-06-25te. 2w2020-06-25yLBS1zPerteneció a la biblioteca personal de la familia Reyes Duluc. 00102ddc758DSaBNPHUbBNPHUcHDd2009-07-07eDonadol0oBNPHU DS 338.4791 M669tp3180-30r2020-06-25te.3w2020-06-25yLBS1zS/A 00102ddc758DSaBNPHUbBNPHUcHDd2009-07-07eDonadol0oBNPHU DS 338.4791 M669tp3180-40r2020-06-25te. 4w2020-06-25yLBS1zS/A 00102ddc758DSaBNPHUbBNPHUcHDd2009-07-07eDonadol0oBNPHU DS 338.4791 M669tp3180-50r2020-06-25te. 5w2020-06-25yLBS1zS/A c3011d3011